000 00317nam a22001337a 4500
999 _c148125
_d148125
020 _a
082 _a
_b
100 _aSudheesh V R
245 _aPranaya pusthakam:
_bmalayalathintae pranaya vikarangal/
_cby Sudheesh V R.
260 _a
_bOrange Publications,
_c2007.
300 _a
650 _a
942 _cBK